State Bank of India v Sood and others (Record no. 16292)

MARC details
000 -LEADER
fixed length control field 01481cab a2200265 4500
001 - CONTROL NUMBER
control field ABS56528
008 - FIXED-LENGTH DATA ELEMENTS--GENERAL INFORMATION
fixed length control field 090401t1997 xxu||||| |||| 00| 0 eng d
035 ## - SYSTEM CONTROL NUMBER
System control number (Sirsi) u24305
041 ## - LANGUAGE CODE
Language code of text/sound track or separate title eng
245 ## - TITLE STATEMENT
Title State Bank of India v Sood and others
260 ## - PUBLICATION, DISTRIBUTION, ETC.
Date of publication, distribution, etc. 1997
350 ## - PRICE (NR) (BK AM CF MU VM SE) [OBSOLETE]
Price 0
490 ## - SERIES STATEMENT
Series statement All England Law Reports
Volume/sequential designation [1997] 1 All ER 169-182(14)
520 ## - SUMMARY, ETC.
Summary, etc. CA 30 October 1996. The defendants were involved in a case concerning proceedings issued by the plaintiff bank against them and others, seeking possession of mortgaging land used as security for discharge of present and future liabilities. They claimed to be beneficiaries under a trust for sale, asserting that their equitable interests and occupation of the property gave them overriding interests under the Land Registration Act 1925 s70(1)(g) which were binding on the plaintiff. The bank applied to strike out this defence, contending that any equitable interests had been overreached under the Law of Property Act 1925 s2(1)(ii). This was initially granted but then overturned. The bank`s appeal against this decision is allowed.
650 ## - SUBJECT ADDED ENTRY--TOPICAL TERM
Topical term or geographic name entry element BENEFICIAL INTEREST
650 ## - SUBJECT ADDED ENTRY--TOPICAL TERM
Topical term or geographic name entry element LAND REGISTRATION ACT 1925 S70(1)(G)
650 ## - SUBJECT ADDED ENTRY--TOPICAL TERM
Topical term or geographic name entry element LAND REGISTRATION
650 ## - SUBJECT ADDED ENTRY--TOPICAL TERM
Topical term or geographic name entry element LAW OF PROPERTY ACT 1925 S2(1)(II)
650 ## - SUBJECT ADDED ENTRY--TOPICAL TERM
Topical term or geographic name entry element OVERRIDING INTEREST
650 ## - SUBJECT ADDED ENTRY--TOPICAL TERM
Topical term or geographic name entry element POSSESSION
650 ## - SUBJECT ADDED ENTRY--TOPICAL TERM
Topical term or geographic name entry element STATE BANK OF INDIA V SOOD AND OTHERS
690 ## - LOCAL SUBJECT ADDED ENTRY--TOPICAL TERM (OCLC, RLIN)
Topical term or geographic name as entry element PROPERTY LAW AND PRACTICE-CASE LAW
942 ## - ADDED ENTRY ELEMENTS (KOHA)
Suppress in OPAC 0
948 ## - LOCAL PROCESSING INFORMATION (OCLC); SERIES PART DESIGNATOR (RLIN)
c (OCLC) 04/03/1997
Holdings
Withdrawn status Lost status Source of classification or shelving scheme Damaged status Not for loan Home library Current library Shelving location Date acquired Total Checkouts Full call number Barcode Date last seen Copy number Price effective from Koha item type
    Dewey Decimal Classification     London London Journal article 14/09/1999   ABS56528 24305-1001 06/08/2019 1 06/08/2019 Law report